Código de Justicia Militar: edición oficial, aprobada por Decreto Nº 1.614, de 24 de noviembre de 1992, del Ministerio de Justicia

Uloženo v:
Podrobná bibliografie
Médium: Kniha
Jazyk:španělština
Vydáno: Santiago Jurídica de Chile 1995
Vydání:15a. ed
Témata:
Tagy: Přidat tag
Žádné tagy, Buďte první, kdo vytvoří štítek k tomuto záznamu!

MARC

LEADER 00000nam a2200000 a 4500
001 UCY5382
003 CL-VaPUC
008 950508e19950000CL |||||||||||||||||spa|d
082 0 4 |a 343.8301026  |b COD  |2 21 
245 1 0 |a Código de Justicia Militar: edición oficial, aprobada por Decreto Nº 1.614, de 24 de noviembre de 1992, del Ministerio de Justicia 
250 |a 15a. ed 
300 |a 358 p 
942 |c BK 
945 |d 19950508 00:00:00  |a aalvarez 
260 |a Santiago  |b Jurídica de Chile  |c 1995 
500 |a Actualizado a enero de 1995 
650 0 |a Derecho militar  |9 255065 
651 7 |a CHILE  |2 CL-VaPUC  |9 334107 
583 |a last modification  |c 20111020 11:03:22  |k Rodrigo Vera 
999 |c 233054  |d 233052 
952 |0 0  |1 0  |4 0  |6 343_830102600000000_COD_1995  |7 0  |8 A  |9 238125  |a BIBDER  |b BIBDER  |d 2019-11-18  |i 3082873  |o 343.8301026 COD 1995  |p 3082873  |r 2023-01-25  |w 2019-11-18  |y BK  |k DER